000 00829nam a2200205Ia 4500
999 _c53287
_d53287
003 GCL
005 20240530105120.0
008 140319s9999 xx 000 0 ara d
040 _aGCL /
_cGCL
082 0 4 _a581.2
_bب د
100 1 _aبلانكارد ، روبرت و.
245 1 0 _aدليل الحقل والمعمل لعلم امراض الاشجار /
_cتاليف روبرت و. بلانكارد ؛ ترجمة عبدالقادر عبدالرواف المالح ؛ مراجعة عبدالله محمد الترهونى ، فوزى ادم تربيح
260 _a[S.N] :
_bجامعة عمر المختار
300 _a354 ص
650 0 4 _aالزراعة
650 0 4 _aالاشجار
650 0 4 _aالنباتات
700 0 _aعبدالقادر عبدالرواف المالح
_eمترجم
942 _2ddc
_cBK